|
|
|
|
| LEADER |
01185nam a2200313 i 4500 |
| 001 |
40066 |
| 003 |
BD-DhAAL |
| 008 |
221116t1975 ilua b 001 0 eng d |
| 999 |
|
|
|c 45051
|d 45051
|
| 010 |
|
|
|a 74024441
|
| 020 |
|
|
|a 0256016372
|
| 040 |
|
|
|a DLC
|c DLC
|d DLC
|d BD-DhAAL
|
| 050 |
0 |
0 |
|a HB171.5
|b .F414 1975
|
| 082 |
0 |
0 |
|a 338.5
|2 19
|
| 100 |
1 |
|
|a Ferguson, C. E.
|q (Charles E.)
|9 52355
|
| 245 |
1 |
0 |
|a Microeconomic theory /
|c C. E. Ferguson, J. P. Gould.
|
| 250 |
|
|
|a Fourth edition.
|
| 260 |
|
|
|a Homewood, Ill. :
|b R. D. Irwin,
|c 1975.
|
| 300 |
|
|
|a xiv, 542 pages :
|b illustrations ;
|c 24 cm.
|
| 490 |
0 |
|
|a The Irwin series in economics
|
| 504 |
|
|
|a Includes bibliographical references and index.
|
| 541 |
|
|
|a Donated By Akbar Ali Khan
|e 40066
|
| 650 |
|
0 |
|a Microeconomics.
|9 52356
|
| 650 |
|
0 |
|a Economics.
|9 52357
|
| 700 |
1 |
|
|a Gould, John P.,
|d 1939-
|e joint author.
|9 52358
|
| 830 |
|
|
|a The Irwin series in economics
|9 52359
|
| 852 |
|
|
|a Ayesha Abed Library
|c Akbar Ali Khan Collection
|
| 942 |
|
|
|2 ddc
|c BK
|
| 952 |
|
|
|0 0
|1 0
|2 ddc
|4 0
|6 338_500000000000000_FER
|7 1
|9 72344
|a BRACUL
|b BRACUL
|c AAKC
|d 2022-11-16
|e Donated by Akbar Ali Khan
|l 0
|o 338.5 FER
|p 3010040066
|r 2022-11-16
|t 1
|w 2022-11-16
|y BK
|